| Tag |
First Indicator |
Second Indicator |
Subfields |
| LEADER |
00000nam a2200000Ia 4500 |
| 001 |
in00004302221 |
| 005 |
20200810085528.0 |
| 006 |
m g d |
| 007 |
cr bn |||a|bb| |
| 008 |
870422s1642 enk o 00| | eng d |
| 035 |
|
|
|a (OCoLC)15564958
|
| 040 |
|
|
|a EAK
|c EAK
|d WaOLN
|
| 037 |
|
|
|a CL0037000039
|b ProQuest Information and Learning. 300 N. Zeeb Rd., Ann Arbor, MI 48106
|
| 045 |
2 |
|
|b d1642
|b d1649
|
| 090 |
|
|
|a DA410
|b .E53
|
| 049 |
|
|
|a EAKA
|
| 110 |
1 |
|
|a England and Wales.
|b Sovereign (1625-1649 : Charles I)
|
| 245 |
1 |
2 |
|a A copy of the commission of array granted from His Majesty, to the Marquesse of Hertford
|
| 260 |
|
|
|a London :
|b Printed by E. Husbands and I. Frank,
|c August 24, 1642.
|
| 300 |
|
|
|a 1 online resource ([8] pages)
|
| 336 |
|
|
|a text
|b txt
|2 rdacontent
|
| 337 |
|
|
|a computer
|b c
|2 rdamedia
|
| 338 |
|
|
|a online resource
|b cr
|2 rdacarrier
|
| 500 |
|
|
|a William Seymour, Duke of Somerset, was earlier styled Marquis of Hertford.
|
| 500 |
|
|
|a Imperfect: faded, with print show-through.
|
| 500 |
|
|
|a Reproduction of original in the Huntington Library.
|
| 510 |
4 |
|
|a Wing
|c C2168A
|
| 533 |
|
|
|a Electronic reproduction.
|b Ann Arbor, Mich. :
|c UMI,
|d 1999-
|f (Early English books online)
|n Digital version of: (Early English books, 1641-1700 ; 1184:12)
|7 s1999 miun s
|
| 600 |
1 |
0 |
|a Somerset, William Seymour,
|c Duke of,
|d 1588-1660.
|
| 651 |
|
0 |
|a Great Britain
|x History
|y Civil War, 1642-1649.
|
| 650 |
|
0 |
|a Commissions of array.
|
| 700 |
0 |
|
|a Charles
|b I,
|c King of England,
|d 1600-1649.
|
| 830 |
|
0 |
|a Early English books online.
|
| 856 |
4 |
0 |
|u http://proxy.library.tamu.edu/login?url=https://search.proquest.com/docview/2240938802
|z Connect to the full text of this electronic book
|t 0
|
| 999 |
f |
f |
|s e72306ce-c794-3ded-8bed-94902811639d
|i afae85b2-7fb3-3d37-84ff-aa638f299ea8
|t 0
|
| 952 |
f |
f |
|a Texas A&M University
|b College Station
|c Electronic Resources
|d Available Online
|t 0
|e DA410 .E53
|h Library of Congress classification
|
| 998 |
f |
f |
|a DA410 .E53
|t 0
|l Available Online
|